| 000 | 01185aam a2200337 i 4500 | ||
|---|---|---|---|
| 001 | 768714001 | ||
| 003 | CO-MdFUSB | ||
| 005 | 20250529154134.0 | ||
| 007 | ta | ||
| 008 | 250528t1998 ck ||||| |||| 00| 0 spa d | ||
| 020 | _a0-7899-0521-3 | ||
| 040 | _cCO-MdFUSB | ||
| 041 | 0 | _aspa | |
| 082 | 0 | 4 |
_223 _a248.4 _bT4681f |
| 245 | 1 | 0 |
_aLa familia desde una perspectiva bíblica : _bun análisis objetivo del núcleo de la sociedad, basado en un serio fundamento bíblico _c/ compilado por Les Thompson ; traducido por Nahum Sáez |
| 250 | _asegunda edición | ||
| 264 | 1 |
_bFacultad Latinoamericana de Estudios Teológicos, _aMiami, FL., USA : _c[1998] |
|
| 264 | 4 | _c©1998 | |
| 300 | _a331páginas | ||
| 336 |
_atexto _btxt _2rdacontent |
||
| 337 |
_2rdamedia _asin mediación _bn |
||
| 338 |
_2rdacarrier _avolumen _bnc |
||
| 520 | _aUn análisis objetivo de la familia, el núcleo de la sociedad, basado en un serio fundamento bíblico | ||
| 563 | _aRústico | ||
| 650 | 1 | 0 |
_aFamilias _9292 |
| 650 | 1 | 0 |
_aVida cristiana _919 |
| 700 |
_aThompson, Les, _911627 _ecompilador |
||
| 700 |
_aSáez, Luis Nahum _98337 _etraductor |
||
| 942 | _cBK | ||
| 945 | _aElías Tolentino | ||
| 999 |
_c35977 _d35977 |
||